00523nam a2200169Ia 4500003000900000008004100009020001800050040001600068080001600084100002000100245010800120250001200228260003900240300001400279650004100293650001900334IN-BaIIA211028s9999 xx 000 0 eng d a0-412-27470-1 cIIA Library a535.33bTHO aThorne, Anne P. 0aSpectrophysicsc Anne P. Thorne, C. C. Davis and M. A. Coplan  a2nd ed. aLondonbEducational Suppliesc1988 axi, 390p. aAstronomy and Astrophysics Thesaurus aSpectrophysics